Score 0/50 Timer 07:00
2 Plays Today
Hint Answer % Correct
Flag ColorRed
97.5%
Flag ColorYellow
96.5%
Flag ColorBlack
96.1%
Capital CityBrussels
95.1%
Official LanguageGerman
93.7%
Official LanguageFrench
93.5%
Internet Country Code.be
93.2%
CurrencyEuro (EUR)
91.1%
Bordering CountryNetherlands
90.7%
Independence From Netherlands
90.7%
Bordering CountryGermany
90.1%
Former CurrencyBelgian Franc (BEF)
89%
Bordering CountryFrance
88.3%
Largest ProvinceLuxembourg
86.6%
Bordering CountryLuxembourg
85.5%
ContinentEurope
83.7%
Official LanguageDutch
83.2%
Age of Suffrage18
81.8%
Most Popular SportFootball (Soccer)
80.8%
Drives on the ..Right
80.7%
Largest ReligionRoman Catholicism
78.5%
Nationality (Demonym)Belgian
76.4%
Bordering SeaNorth Sea
76.3%
Largest CityAntwerp
75.8%
Place of Napoleon's final defeatWaterloo
72.3%
Hint Answer % Correct
Northern RegionFlanders
61.4%
Number of Provinces10
60.3%
Largest Former ColonyBelgian Congo
57.5%
Official NameKingdom of Belgium
57%
Second Largest CityGhent
56%
Southern RegionWallonia
51.4%
Animal on Coat of ArmsLion
50.4%
First KingLeopold I
40%
Famous Structure With Nine SpheresAtomium
38%
Olympic Host Year1920
33.2%
Year of Independence1830
32.5%
KingPhilippe Léopold Louis Marie
32.3%
Oldest Institution of Higher EducationKatholieke Universiteit Leuven(KUL)
27.1%
Third Largest CityCharleroi
26.7%
Prime MinisterCharles Michel
26.4%
QueenMathilde
25.9%
National AnthemLa Brabançonne
24.4%
Longest riverScheldt
22.5%
National Day21 July
21.8%
Smallest ProvinceWalloon Brabant
17.1%
Official MottoStrength Through Unity
16%
National FlowerRed Poppy
15.6%
Largest StadiumKing Baudouin Stadium
15.5%
Lowest point (-3 m)De Moeren
12.9%
Highest point (694 m)Signal de Botrange
12.2%

You're not logged in!

Compare scores with friends on all Sporcle quizzes.
OR
Log In

Sporcle TV

Today on Sporcle TV


Watch our educational content, quiz creation guides, and fun videos on Sporcle TV.

Show Comments

Extras

Top Quizzes Today


Score Distribution

Your Account Isn't Verified!

In order to create a playlist on Sporcle, you need to verify the email address you used during registration. Go to your Sporcle Settings to finish the process.

Report this User

Report this user for behavior that violates our Community Guidelines.

Details: